000 01039nam a22003017a 4500
003 CHAP
005 20220329141707.0
008 971013s1972 mx r 00010 spa d
010 _a72331
011 _a73303
035 _a82860
040 _cCHAP
090 _aTesis
100 0 0 _aAguirre Montoya, Daniel Arturo.
_93017
245 1 0 _aAdaptación y rendimiento de 4 variedades de guar (Cyamopsis tetragonoloba L. Taub) en la región de General Escobedo, N.L.
_c/por Daniel Arturo Aguirre Montoya
260 _aMonterrey, N.L. :
_bEl autor,
_c1972
300 _a37 h.
502 _aTesis (Ing. Agrónomo) Univ. Autónoma de Nuevo León. Fac. de Agronomía
590 _aALEPH
_b10
_c20130110
_lUCH01
_h1413
590 _aBATCH-UPD
_b10
_c20130110
_lUCH01
_h2227
590 _aCONVERSION
_b10
_c20130109
_lUCH01
_h1340
650 1 4 _aGuar
_xEfecto del medio ambiente.
_951006
650 1 4 _aGuar
_xRendimiento.
_951009
650 1 4 _aGuar
_xVariedades.
_951010
901 _aBK
942 _cTESIS
949 _bBC
_cTES
_d-37119
_eTS1
_i82860
_si
999 _c72331
_d72331